000 00904cam a2200277 i 4500
001 14717
003 CO-MdFUSB
005 20220621102402.0
008 220621t2004 sp |||| |||| 00| 0 spa d
020 _a8429315284
040 _bspa.
_aCO-MdFUSB
_cCO-MdFUSB
_dCO-MdFUSBC
_erda
041 _aspa
082 0 4 _a221.95
_bM4381p
100 1 _aMatthews, Victor H.
245 1 0 _aParalelos del Antiguo Testamento : Leyes y relatos del Antiguo Oriente Bíblico
_cVictor H. Matthews, Don C. Benjamin ; Ramón Alfonso Díez Aragón, Traductor
264 1 _aSantander :
_bSal Terrae,
_c[2004]
264 4 _c© 2004
300 _a385 Pág.
_c;
336 _2rdacontent
_atexto
_btxt
337 _2rdamedia
_asin mediación
_bn
338 _2rdacarrier
_avolumen
_bnc
500 _aTítulo original : Old Testament parallels
630 0 7 _aBiblia.
_pAntiguo Testamento
942 _cBK
945 _aEstudiante
999 _c43562
_d43562